Normal view
MARC view
- UG Project
Entry Corporate Name
001 - CONTROL NUMBER
- control field: 132102
003 - CONTROL NUMBER IDENTIFIER
- control field: NUST
005 - DATE AND TIME OF LATEST TRANSACTION
- control field: 20251125172848.0
008 - FIXED-LENGTH DATA ELEMENTS
- fixed length control field: 251125|| aca||aabn | a|a d
040 ## - CATALOGING SOURCE
- Original cataloging agency: NUST
- Transcribing agency: NUST
110 ## - HEADING--CORPORATE NAME
- Corporate name or jurisdiction name as entry element: UG Project
670 ## - SOURCE DATA FOUND
- Source citation: Work cat.: (NUST)210847: Naveed, NC Abeera (TCC-21) 132101, Cognitive MIMO radio /, June-2013
